000 00629nam a2200169Ia 4500
003 IN-BaIIA
008 211028s9999 xx 000 0 eng d
040 _cIIA Library
080 _a081:53
_bMAX
100 _aMaxwell, James Clerk
_97049
245 4 _aThe collected clerk Maxwell memorial lectures
_bbeing the first four lectures given in the years between 1951 and 1959
_cJames Clerk Maxwell
260 _aLondon
_bThe British Institution of Radio Engineers
_c1960
300 _avii, 64p.
650 _aCollected works-James Clerk Maxwell
_910669
650 _aNASA thesaurus
942 _cBK
999 _c6193
_d6193